| 000 | 00346nam a22001337a 4500 | ||
|---|---|---|---|
| 020 | _qHB. | ||
| 040 | _cFIZZA ISHAQ | ||
| 082 |
_a624.184 _bKEI |
||
| 100 |
_aTHOMAS,FAHERTY KEITH. _989152 |
||
| 245 |
_aWOOD ENGINEERING CONSTRUCTION HAND BOOK / _cKEITH FAHERTY THOMAS. |
||
| 260 |
_aMC GRAW HILL _c1989 |
||
| 300 | _a1339 P. ; | ||
| 942 |
_2ddc _cBK |
||
| 999 |
_c587972 _d587972 |
||